Subah Laraib (Record no. 609056)

000 -LEADER
fixed length control field 00201nam a22000977a 4500
040 ## - CATALOGING SOURCE
Transcribing agency SCME
082 ## - DEWEY DECIMAL CLASSIFICATION NUMBER
Classification number 297.63 R224S
100 ## - MAIN ENTRY--PERSONAL NAME
Personal name Dr.Rehana Rasheed
9 (RLIN) 97631
245 ## - TITLE STATEMENT
Title Subah Laraib
942 ## - ADDED ENTRY ELEMENTS (KOHA)
Source of classification or shelving scheme
Koha item type Book
Holdings
Withdrawn status Lost status Source of classification or shelving scheme Damaged status Not for loan Permanent Location Current Location Date acquired Full call number Barcode Date last seen Price effective from Koha item type
          School of Chemical & Materials Engineering (SCME) School of Chemical & Materials Engineering (SCME) 05/13/2024 297.63 R224S SCME-D267 05/13/2024 05/13/2024 Book
© 2023 Central Library, National University of Sciences and Technology. All Rights Reserved.